000 00409nam a2200145Ia 4500
008 230917s9999||||xx |||||||||||||| ||und||
040 _e61489
_aMAIN
041 _aEnglish
082 _a843.09 S21T
100 _aStambolian, George, ed.
245 0 _aTwentieth century French ficiton: Essays for Germaine Bree
260 _aNew Brunswick
_bRutgers University
_c1975
300 _axxvi, 265 p.
942 _cBK
999 _c209634
_d209634